| 000 | 00574nam a2200229Ia 4500 | ||
|---|---|---|---|
| 008 | 160901s9999 xx 000 0 und d | ||
| 020 | _a1-84557-347-1 | ||
| 050 | _aComSc QA 76.9 | ||
| 050 | _b.D3M56 2005 c.1 | ||
| 100 | _aMinhas, Davinder Singh. | ||
| 245 | _aMS access / | ||
| 245 | _cDavinder Singh Minhas. | ||
| 260 | _aNew Delhi : | ||
| 260 | _bNew Dawn Press Group, | ||
| 260 | _c2005 | ||
| 300 | _a40 pages : | ||
| 300 | _bill. ; | ||
| 300 | _c28 cm. | ||
| 440 | _aDrag & drop series | ||
| 650 | _aDatabas management. | ||
| 650 | _xMicrosoft Access. | ||
| 999 |
_c300870 _d300870 |
||